Statistics for anterior compartment - thigh

Click here to take the quiz!

General Stats

  • This quiz has been taken 6 times
  • The average score is 5 of 7

Answer Stats

Answer% Correct
rectus femoris
100%
vastus lateralis
100%
vastus medialis
100%
patellar ligament
50%
quadriceps femoris tendon
50%
sartorius
50%
vastus intermedius
0%

Score Distribution

Percentile by Number Answered

Percent of People with Each Score

Your Score History

You have not taken this quiz